[Event "Mallorca-chB"]
[Site "Palma de Mallorca"]
[Date "2011.11.26"]
[Round "6"]
[White "Canciu, Joan"]
[Black "Fiol Company, Juan"]
[Result "0-1"]
[WhiteElo "1954"]
[BlackElo "1982"]
[PlyCount "92"]
[EventDate "2011.10.29"]
[EventType "swiss"]
[EventRounds "8"]
[EventCountry "ESP"]
[SourceTitle "EXT 2014"]
[Source "ChessBase"]
[SourceDate "2013.11.20"]
[SourceVersion "1"]
[SourceVersionDate "2013.11.20"]
[SourceQuality "1"]

1. d4 Nf6 2. c4 c5 3. Nf3 g6 4. Nc3 Bg7 5. e3 0-0 6. Be2 d6 7. 0-0 Nc6 8. a3 Bf5 9. Nh4 e6 10. Nxf5 gxf5 11. Bd3 Qe7 12. Rb1 a5 13. d5 Ne5 14. dxe6 fxe6 15. Be2 Rad8 16. Qc2 d5 17. cxd5 exd5 18. Na4 c4 19. Bd2 b5 20. Nc3 b4 21. axb4 axb4 22. Nb5 Qc5 23. Nd4 Ne4 24. Ne6 Qb6 25. Nxf8 Rxf8 26. f3 Nc5 27. Ra1 Ned3 28. Bc1 Nb3 29. Bxd3 Nxa1 30. Qb1 Nb3 31. Bxf5 Nxc1 32. Bxh7+ Kh8 33. Rxc1 Qxe3+ 34. Kh1 Qh6 35. Bg6 Be5 36. h3 Qf4 37. Kg1 Qh2+ 38. Kf1 Qh1+ 39. Kf2 Qh2 40. Rd1 Bg3+ 41. Ke3 Qxg2 42. Rf1 Bf4+ 43. Kd4 Qd2+ 44. Kc5 Qe3+ 45. Kb5 Rb8+ 46. Kc6 Qe6+ 0-1

[Event "Palma de Mallorca op 3rd"]
[Site "Palma de Mallorca"]
[Date "2008.12.14"]
[Round "9"]
[White "Gallardo Pina, Neus"]
[Black "Canciu, Joan"]
[Result "0-1"]
[WhiteElo "1776"]
[BlackElo "1940"]
[PlyCount "76"]
[EventDate "2008.12.06"]
[EventType "swiss"]
[EventRounds "9"]
[EventCountry "ESP"]
[SourceTitle "CBM 127 Extra"]
[Source "ChessBase"]
[SourceDate "2009.01.08"]
[SourceVersion "2"]
[SourceVersionDate "2009.01.28"]
[SourceQuality "1"]

1. f4 e5 2. fxe5 Qh4+ 3. g3 Qe4 4. Nf3 d6 5. d3 Qc6 6. exd6 Bxd6 7. e4 Bg4 8. Be2 Bxf3 9. Bxf3 Qb6 10. Na3 Bb4+ 11. c3 Bxa3 12. bxa3 Nd7 13. Bf4 Ne7 14. Rb1 Qc5 15. Qc1 Ne5 16. Bxe5 Qxe5 17. Rxb7 0-0 18. d4 Qa5 19. 0-0 Rab8 20. Rb3 Rb6 21. Rxb6 axb6 22. e5 Qa4 23. Qb2 Qc4 24. Qb4 Qe6 25. Rf2 f6 26. exf6 Qxf6 27. Qc4+ Kh8 28. Qe2 Qg5 29. Kg2 Ng6 30. Bg4 Rd8 31. Qe4 Qc1 32. Re2 Rf8 33. Bf5 Qxc3 34. Rc2 Qxa3 35. Bxg6 hxg6 36. Qxg6 Qf3+ 37. Kh3 Rf6 38. Rc3 Qf1+ 0-1

[Event "Palma de Mallorca op 3rd"]
[Site "Palma de Mallorca"]
[Date "2008.12.11"]
[Round "6"]
[White "Canciu, Joan"]
[Black "Alberto, Manuel"]
[Result "0-1"]
[WhiteElo "1940"]
[BlackElo "2112"]
[PlyCount "108"]
[EventDate "2008.12.06"]
[EventType "swiss"]
[EventRounds "9"]
[EventCountry "ESP"]
[SourceTitle "CBM 127 Extra"]
[Source "ChessBase"]
[SourceDate "2009.01.08"]
[SourceVersion "2"]
[SourceVersionDate "2009.01.28"]
[SourceQuality "1"]

1. e4 c5 2. Nf3 d6 3. d4 cxd4 4. Nxd4 Nf6 5. Nc3 a6 6. Bd3 g6 7. 0-0 Bg7 8. Kh1 0-0 9. Bg5 h6 10. Bh4 b5 11. f4 Bb7 12. a3 Nbd7 13. f5 g5 14. Bg3 Rc8 15. Qe2 Ne5 16. Bxe5 dxe5 17. Nf3 Qc7 18. h3 Nh5 19. Kh2 Nf4 20. Qe3 Rfd8 21. Rad1 Rd4 22. g3 Nh5 23. Qe2 Nf6 24. Nxd4 exd4 25. Nb1 Nd7 26. Nd2 Be5 27. Rg1 Nf6 28. Nf3 Rd8 29. Nxe5 Qxe5 30. Rde1 Kh7 31. Qf3 h5 32. Rg2 Rg8 33. Kg1 a5 34. Rge2 b4 35. axb4 axb4 36. Ra1 Kh6 37. Ra4 Qc5 38. b3 Nd7 39. h4 Ne5 40. hxg5+ Rxg5 41. Qf4 f6 42. Ra1 Kg7 43. Kg2 Ng4 44. Kh3 Ne5 45. Ree1 Qc3 46. Red1 Rg4 47. Qd2 Qc7 48. Qf2 Nf7 49. Ra7 Ng5+ 50. Kh2 Qb6 51. Rda1 h4 52. gxh4 Qd6+ 53. Kh1 Nxe4 54. Qh2 Nf2# 0-1

[Event "Palma de Mallorca op 3rd"]
[Site "Palma de Mallorca"]
[Date "2008.12.07"]
[Round "2"]
[White "Canciu, Joan"]
[Black "Planas Gene, Juan"]
[Result "0-1"]
[WhiteElo "1940"]
[BlackElo "2184"]
[PlyCount "90"]
[EventDate "2008.12.06"]
[EventType "swiss"]
[EventRounds "9"]
[EventCountry "ESP"]
[SourceTitle "CBM 127 Extra"]
[Source "ChessBase"]
[SourceDate "2009.01.08"]
[SourceVersion "2"]
[SourceVersionDate "2009.01.28"]
[SourceQuality "1"]

1. e4 c5 2. Nf3 Nc6 3. Bc4 e6 4. c3 a6 5. d4 b5 6. Be2 Nf6 7. Bg5 h6 8. Bxf6 Qxf6 9. e5 Qd8 10. Nbd2 cxd4 11. cxd4 d6 12. 0-0 dxe5 13. dxe5 Be7 14. a4 Rb8 15. Qc1 Nd4 16. Nxd4 Qxd4 17. Nf3 Qb6 18. axb5 axb5 19. Qf4 0-0 20. Bd3 Bb7 21. Rac1 Rbd8 22. Bb1 Bd5 23. Qd4 Qxd4 24. Nxd4 Bc4 25. Nc6 Bg5 26. f4 Rc8 27. fxg5 Rxc6 28. gxh6 gxh6 29. Rf6 Rd8 30. b3 Bd5 31. Rxc6 Bxc6 32. Rf2 Rd5 33. Rc2 Rd1+ 34. Kf2 Rxb1 35. Rxc6 Rxb3 36. Rd6 Kg7 37. Ke2 Kg6 38. g4 Rb2+ 39. Kf3 Rxh2 40. Rb6 Rb2 41. Rb7 b4 42. Kg3 b3 43. Kf3 Rb1 44. Kf2 b2 45. Ke2 Rh1 0-1